Cvičení z matematiky

Na minha lista:
Detalhes bibliográficos
Formato: Livro
Idioma:tcheco
Publicado em: Praha Státní nakladatelství technické literatury 1987
Edição:1. vyd.
Tags: Adicionar Tag
Sem tags, seja o primeiro a adicionar uma tag!

MARC

LEADER 00000nam a2200000 4500
001 c025331
005 20250604123627.5
041 0 |a cze 
044 |a CZ 
245 1 0 |a Cvičení z matematiky  |c Alena Prágerová 
250 |a 1. vyd. 
264 1 |a Praha  |b Státní nakladatelství technické literatury  |c 1987 
300 |a 486 s.